[Event "Titled Tue 3rd Jun Early"]
[Site "chess.com INT"]
[Date "2025.06.03"]
[Round "3"]
[White "Mendonca, Leon Luke"]
[Black "Winkels, Marcel"]
[Result "1-0"]
[WhiteTitle "GM"]
[BlackTitle "CM"]
[WhiteElo "2630"]
[BlackElo "1918"]
[WhiteFideId "35028561"]
[BlackFideId "1003887"]
[EventDate "2025.06.03"]

1. b4 a5 2. b5 Nf6 3. Bb2 g6 4. Nf3 Bg7 5. e3 O-O 6. d4 d6 7. c4 Bg4 8. Be2 Nbd7
9. O-O c6 10. Nc3 Qc7 11. h3 Bxf3 12. Bxf3 e5 13. Rc1 exd4 14. exd4 Rfe8 15.
bxc6 bxc6 16. Ba3 Rab8 17. Qa4 Rbc8 18. Qc2 Nb6 19. c5 dxc5 20. Bxc5 Nbd7 21.
Ba3 c5 22. dxc5 Nxc5 23. Na4 Ne6 24. Qxc7 Rxc7 25. Rxc7 Nxc7 26. Rc1 Nb5 27. Bc5
Rc8 28. Nb6 Rc7 29. Be3 Rxc1+ 30. Bxc1 Nd4 31. Bd1 Ne4 32. Nd5 Kf8 33. f3 Nf6
34. Nb6 Ke8 35. Nc4 Ne6 36. Nxa5 Nd5 37. Bb3 Ndc7 38. Be3 Na6 39. Kf2 Nac5 40.
Bc4 Kd7 41. Nb3 Kc6 42. Nxc5 Nxc5 43. Bxf7 Nd3+ 44. Kf1 Ne5 45. Bg8 h6 46. Ke2
g5 47. Bd4 Kd7 48. Ke3 Kd6 49. Ke4 1-0

[Event "Titled Tue 3rd Jun Early"]
[Site "chess.com INT"]
[Date "2025.06.03"]
[Round "3"]
[White "Rosen, Eric"]
[Black "Chan, Kim Yew"]
[Result "1-0"]
[WhiteTitle "IM"]
[BlackTitle "FM"]
[WhiteElo "2377"]
[BlackElo "2304"]
[WhiteFideId "2032562"]
[BlackFideId "5717981"]
[EventDate "2025.06.03"]

1. d4 Nf6 2. Bf4 d5 3. Nf3 c5 4. e3 e6 5. Nbd2 Nc6 6. c3 Bd6 7. Bg3 O-O 8. Bb5
Ne7 9. Bd3 Nf5 10. Bxd6 Qxd6 11. Ne5 cxd4 12. exd4 Nh4 13. O-O Ng6 14. f4 b5 15.
a3 a5 16. Qe2 Ba6 17. Nb3 b4 18. Bxa6 Qxa6 19. Qxa6 Rxa6 20. axb4 Rfa8 21. Rxa5
Rxa5 22. Nxa5 Ne4 23. g3 Ne7 24. Ra1 f6 25. Nd3 Kf7 26. Kf1 Nf5 27. Ke2 h5 28.
Nb3 Rxa1 29. Nxa1 Nfd6 30. Nb3 Nc4 31. Nbc5 Ned6 32. b3 Na3 33. Na4 Ndb5 34. Kd2
Nd6 35. Nac5 Nab5 36. Nf2 Na3 37. Kd3 Nab5 38. Nd1 Na3 39. Ne3 g5 40. fxg5 fxg5
41. Nd7 h4 42. Ne5+ Kf6 43. gxh4 gxh4 44. Nf3 h3 45. Ng1 Ne4 46. Nxh3 Nb5 47.
Nd1 Na3 48. Nhf2 Ng5 49. h4 Nf3 50. h5 Kg5 51. c4 1-0

[Event "Titled Tue 3rd Jun Early"]
[Site "chess.com INT"]
[Date "2025.06.03"]
[Round "3"]
[White "Dovgaliuk, Oleksandr"]
[Black "Viana, Dirceu"]
[Result "1-0"]
[BlackTitle "FM"]
[WhiteElo "2240"]
[BlackElo "2188"]
[WhiteFideId "14167247"]
[BlackFideId "2101360"]
[EventDate "2025.06.03"]

1. e4 e6 2. d4 d5 3. e5 b6 4. c3 Qd7 5. f4 Ne7 6. Nf3 Ba6 7. Bxa6 Nxa6 8. O-O h5
9. Nh4 g6 10. Qd3 Nb8 11. Be3 Nbc6 12. Nd2 Nf5 13. Nxf5 gxf5 14. Bf2 Be7 15. Nf3
Rg8 16. Bh4 O-O-O 17. Bxe7 Qxe7 18. Qa6+ Kb8 19. a4 Rg4 20. Qb5 Qd7 21. Ng5 h4
22. a5 Nxe5 23. Qxd7 Nxd7 24. axb6 axb6 25. b4 Nf6 26. Ra2 Ne4 27. Rfa1 Kc8 28.
Ra8+ Kd7 29. Rxd8+ Kxd8 30. Nxf7+ Ke7 31. Ne5 Rxf4 32. Ng6+ Kd6 33. Nxf4 Nxc3
34. Re1 c5 35. bxc5+ bxc5 36. Rxe6+ Kd7 37. dxc5 d4 38. Rd6+ Ke7 39. Rxd4 1-0

[Event "Titled Tue 3rd Jun Early"]
[Site "chess.com INT"]
[Date "2025.06.03"]
[Round "3"]
[White "Aalto, Patrik"]
[Black "Loskutova, Viktoriya"]
[Result "1-0"]
[WhiteTitle "FM"]
[BlackTitle "WFM"]
[WhiteElo "2313"]
[BlackElo "2066"]
[WhiteFideId "510726"]
[BlackFideId "34166278"]
[EventDate "2025.06.03"]

1. c4 Nf6 2. g3 g6 3. Bg2 Bg7 4. d4 O-O 5. Nf3 d6 6. O-O c5 7. dxc5 dxc5 8. Nc3
Nc6 9. Bf4 Nh5 10. Be3 b6 11. Rc1 Bb7 12. b3 Qe8 13. Qc2 e5 14. Nd5 Rd8 15. Nd2
f5 16. Nf3 Nd4 17. Nxd4 cxd4 18. Bg5 Rd7 19. Rcd1 h6 20. Bc1 Qe6 21. e3 Rc8 22.
Qb1 e4 23. exd4 Bxd5 24. cxd5 Qxd5 25. Bb2 Rdc7 26. Rc1 Bxd4 27. Rxc7 Rxc7 28.
Rd1 Bxf2+ 29. Kxf2 e3+ 30. Kg1 Qc5 31. Bd5+ Kh7 32. Rc1 Qd6 33. Rxc7+ Qxc7 34.
Qd3 Qc5 35. Qd4 Qf8 36. Qxe3 Nf6 37. Bf3 Qf7 38. Qd4 Ne8 39. Qh8# 1-0

[Event "Titled Tue 3rd Jun Early"]
[Site "chess.com INT"]
[Date "2025.06.03"]
[Round "3"]
[White "Nugumanov, Bakhtiyar"]
[Black "Amangeldy, Ernur"]
[Result "0-1"]
[WhiteTitle "IM"]
[BlackTitle "FM"]
[WhiteElo "2305"]
[BlackElo "2231"]
[WhiteFideId "13701797"]
[BlackFideId "13720244"]
[EventDate "2025.06.03"]

1. e4 Nf6 2. e5 Nd5 3. d4 d6 4. c4 Nb6 5. Nf3 dxe5 6. Nxe5 g6 7. Be2 Bg7 8. O-O
O-O 9. Nc3 Bf5 10. c5 N6d7 11. f4 Nf6 12. Be3 c6 13. g4 Be6 14. f5 Bd5 15. g5
Ne4 16. Nxd5 cxd5 17. fxg6 hxg6 18. Bg4 Bxe5 19. dxe5 Nc6 20. e6 f5 21. gxf6
Nxf6 22. Bh6 Re8 23. Bg5 d4 24. Bf3 d3 25. Qd2 Qd4+ 26. Be3 Qe5 27. Qxd3 Rad8
28. Qxg6+ Kh8 29. Qh6+ Nh7 30. Qg6 Rg8 31. Qxg8+ Rxg8+ 32. Kh1 Qxe3 33. Rae1
Qxc5 34. Bg2 Nd4 35. Re3 Qc2 36. Be4 Qc4 37. Rfe1 Rg7 38. b3 Qc5 39. b4 Qc7 40.
Rh3 Qf4 41. a4 Kg8 42. a5 Ng5 43. Rf3 Ngxf3 0-1

[Event "Titled Tue 3rd Jun Early"]
[Site "chess.com INT"]
[Date "2025.06.03"]
[Round "3"]
[White "Piesik, Piotr"]
[Black "Ivashentseva, Dominika"]
[Result "1-0"]
[WhiteTitle "IM"]
[BlackTitle "WCM"]
[WhiteElo "2436"]
[BlackElo "1921"]
[WhiteFideId "1136194"]
[BlackFideId "34331050"]
[EventDate "2025.06.03"]

1. Nf3 d5 2. g3 Nf6 3. Bg2 g6 4. O-O Bg7 5. d4 O-O 6. c4 dxc4 7. Na3 Be6 8. Ng5
Bd5 9. e4 Bc6 10. d5 Bd7 11. Nxc4 c6 12. d6 exd6 13. Nxd6 Qb6 14. Be3 Qc7 15. e5
Ne8 16. Ndxf7 Rxf7 17. e6 Bxe6 18. Nxe6 Qe5 19. Nxg7 Nxg7 20. Bd4 Qc7 21. Qb3
Na6 22. Rae1 Rd8 23. Bxa7 b5 24. Be3 Nf5 25. Bf4 Qc8 26. Qe6 Nb4 27. Qxc8 Rxc8
28. Re4 Nxa2 29. Ra1 Ra8 30. Re6 Nd4 31. Bxc6 Ra6 32. Re8+ Kg7 33. Be5+ Kh6 34.
Bxd4 Rxc6 35. Rxa2 Rc1+ 36. Kg2 Rc2 37. Ra5 Rb7 38. Rg8 Kh5 39. h3 Kg5 40. Ra6
Kf5 41. Re8 Rd7 42. Rf6+ Kg5 43. h4+ Kh5 44. Re5+ Kh6 45. Be3+ Kg7 46. Rfe6 Rd1
47. Re7+ Kf8 48. Bh6+ Kg8 49. Rg7+ Kf8 50. Rc7+ 1-0

[Event "Titled Tue 3rd Jun Early"]
[Site "chess.com INT"]
[Date "2025.06.03"]
[Round "3"]
[White "Araujo Filho, Luiz Antonio Coel"]
[Black "Kulnev, Aleksandr"]
[Result "0-1"]
[BlackTitle "CM"]
[WhiteElo "2077"]
[BlackElo "2213"]
[WhiteFideId "2130661"]
[BlackFideId "54157544"]
[EventDate "2025.06.03"]

1. d4 d5 2. Nf3 Nf6 3. e3 c6 4. Nbd2 Bf5 5. Be2 e6 6. b3 Bd6 7. Bb2 Nbd7 8. O-O
O-O 9. c4 a5 10. Rc1 a4 11. c5 Bb8 12. bxa4 Re8 13. Qb3 Ra7 14. Ne5 Nxe5 15.
dxe5 Nd7 16. f4 Qa5 17. Qc3 Qxc3 18. Rxc3 Rxa4 19. a3 Bc7 20. Nf3 Be4 21. Rfc1
Rea8 22. Rb3 Bxf3 23. gxf3 R8a7 24. Kf2 R4a5 25. Bd4 Rxa3 26. Rxa3 Rxa3 27. Rb1
Ra7 28. Rb2 Bd8 29. Rb1 Be7 30. Rc1 Kf8 31. h3 Ke8 32. Bd3 g6 33. Kg3 Kd8 34. h4
Kc7 35. h5 Ra3 36. hxg6 hxg6 37. Be2 Ra2 38. Bd3 Ra5 39. Rh1 Bxc5 40. Rh7 Ra3
41. Bc2 Ra2 42. Bb1 Ra8 43. Bxc5 Nxc5 44. Rxf7+ Nd7 45. Bxg6 Rg8 46. f5 exf5 47.
e6 Rxg6+ 48. Kf4 Rxe6 0-1

[Event "Titled Tue 3rd Jun Early"]
[Site "chess.com INT"]
[Date "2025.06.03"]
[Round "3"]
[White "Kodithuwakku, K K Dinujaya"]
[Black "Bustelo, Tabare"]
[Result "1-0"]
[WhiteTitle "CM"]
[BlackTitle "CM"]
[WhiteElo "2011"]
[BlackElo "2043"]
[WhiteFideId "9998845"]
[BlackFideId "3000362"]
[EventDate "2025.06.03"]

1. b3 b5 2. e4 Bb7 3. Bxb5 Bxe4 4. Nf3 c6 5. Be2 Nf6 6. O-O d5 7. d3 Bg6 8. Nh4
e6 9. Nxg6 hxg6 10. Nd2 Qc7 11. g3 Bd6 12. c4 Nbd7 13. Qc2 Nh5 14. Bf3 Nxg3 15.
fxg3 Bxg3 16. hxg3 Qxg3+ 17. Bg2 Qe3+ 18. Rf2 Ne5 19. Nf1 Qxd3 20. Bb2 Qxc2 21.
Rxc2 f6 22. Re1 O-O 23. Bxe5 fxe5 24. Rxe5 Rf6 25. cxd5 cxd5 26. Ne3 Rd8 27. Rf2
d4 28. Nc4 d3 29. Rd2 Rd4 30. Re3 e5 31. Rdxd3 Ra6 32. a4 Rf6 33. Nxe5 Rxd3 34.
Rxd3 Rb6 35. a5 Rb4 36. a6 Kh7 37. Bb7 g5 38. Nc6 1-0

[Event "Titled Tue 3rd Jun Early"]
[Site "chess.com INT"]
[Date "2025.06.03"]
[Round "3"]
[White "Klukin, Kirill"]
[Black "Guerra Tulcan, Lenin"]
[Result "1-0"]
[WhiteTitle "IM"]
[BlackTitle "IM"]
[WhiteElo "2407"]
[BlackElo "2310"]
[WhiteFideId "24199273"]
[BlackFideId "3601382"]
[EventDate "2025.06.03"]

1. Nf3 e6 2. d4 c5 3. e3 cxd4 4. exd4 b6 5. Bd3 Bb7 6. O-O d6 7. c4 Nf6 8. Nc3
Nbd7 9. b3 Be7 10. Bb2 a6 11. h3 O-O 12. d5 e5 13. Nd2 b5 14. cxb5 axb5 15. Bxb5
Nxd5 16. Nxd5 Bxd5 17. Nc4 Nf6 18. a4 Qb8 19. Qe2 Qb7 20. f4 Ne4 21. fxe5 dxe5
22. Nxe5 f6 23. Nd7 Rfd8 24. Rad1 Bxb3 25. Rd4 Bc5 26. Nxc5 Nxc5 27. Qg4 Be6 28.
Qg3 Rxd4 29. Bxd4 Ne4 30. Qf4 Bd5 31. Be3 Rd8 32. Rd1 h6 33. Rd4 Qe7 34. Qf5 Kf7
35. Rxd5 Rxd5 36. Qxd5+ Kf8 37. Qa8+ Kf7 38. Bc4+ Kg6 39. Bd3 f5 40. Bxe4 fxe4
41. Qc6+ Kf5 42. Qc5+ 1-0

[Event "Titled Tue 3rd Jun Early"]
[Site "chess.com INT"]
[Date "2025.06.03"]
[Round "3"]
[White "Lee, Alice"]
[Black "Langheinrich, Ferenc"]
[Result "1-0"]
[WhiteTitle "IM"]
[BlackTitle "IM"]
[WhiteElo "2389"]
[BlackElo "2346"]
[WhiteFideId "30941822"]
[BlackFideId "4641973"]
[EventDate "2025.06.03"]

1. b3 e5 2. Bb2 Nc6 3. e4 Nf6 4. Nf3 Nxe4 5. Qe2 Nf6 6. Nxe5 Be7 7. Nxc6 dxc6 8.
Bxf6 gxf6 9. Nc3 Be6 10. g3 Qd7 11. Bg2 O-O-O 12. O-O-O Qd6 13. Kb1 Qa3 14. Rhe1
Rhe8 15. Qh5 Bb4 16. Re3 Kb8 17. Qh4 f5 18. Bf3 a6 19. Bh5 Rd6 20. Qf4 Red8 21.
Ree1 Ka7 22. Qe3+ c5 23. Re2 Qa5 24. Ree1 Rd4 25. Bf3 Rxd2 26. Na4 Rxd1+ 27.
Rxd1 Rxd1+ 28. Bxd1 Qb5 29. c3 Qf1 30. Kc2 Ba5 31. Qxc5+ Bb6 32. Nxb6 cxb6 33.
Qe3 h6 34. h4 a5 35. Kd2 Qb5 36. Qd3 Qe5 37. Qe3 Qd5+ 38. Kc1 Qd6 39. Bc2 Qa3+
40. Kb1 Qd6 41. Qxh6 1-0

[Event "Titled Tue 3rd Jun Early"]
[Site "chess.com INT"]
[Date "2025.06.03"]
[Round "3"]
[White "Myagmarsuren, Evsuld"]
[Black "Asish Panda"]
[Result "0-1"]
[WhiteTitle "FM"]
[WhiteElo "2292"]
[BlackElo "1911"]
[WhiteFideId "1551639"]
[BlackFideId "45012458"]
[EventDate "2025.06.03"]

1. d4 d5 2. Nf3 Nf6 3. c4 e6 4. g3 Be7 5. Bg2 O-O 6. O-O Ne4 7. Qc2 f5 8. Ne5 c6
9. Nd2 Nd7 10. b3 Nxe5 11. dxe5 Bd7 12. Bb2 Rc8 13. Rfd1 Bc5 14. e3 Qg5 15. Bxe4
fxe4 16. Nxe4 dxe4 17. Rxd7 Qg4 18. Bd4 Bb6 19. Bxb6 axb6 20. Rad1 h5 21. R1d4
Rf5 22. Rxe4 Qg6 23. Rf4 Rcf8 24. Rxf5 Rxf5 25. Qe4 Qg5 26. Rxb7 Qd8 27. Qxc6
Qd1+ 28. Kg2 Qg4 29. Qxe6+ Kh7 30. Qd5 h4 31. h3 Qe2 32. Rxg7+ Kxg7 33. Qd7+ Rf7
34. Qg4+ Qxg4 35. hxg4 hxg3 36. Kxg3 Ra7 37. a4 Rd7 38. f4 Rd3 39. f5 Rxe3+ 40.
Kf4 Rxb3 41. e6 Rb4 42. g5 Rxc4+ 43. Ke5 Rc5+ 44. Kd6 Rxf5 45. Kd7 Rd5+ 0-1

[Event "Titled Tue 3rd Jun Early"]
[Site "chess.com INT"]
[Date "2025.06.03"]
[Round "3"]
[White "Mottola, Max"]
[Black "Redor, Menandro"]
[Result "1-0"]
[WhiteElo "2128"]
[BlackElo "2021"]
[WhiteFideId "30985862"]
[BlackFideId "5222010"]
[EventDate "2025.06.03"]

1. a4 d5 2. Nc3 d4 3. Na2 e6 4. e3 c5 5. Nf3 Nc6 6. Bb5 Nf6 7. O-O Be7 8. c3
dxc3 9. Nxc3 O-O 10. d4 cxd4 11. exd4 Nb4 12. Ne5 b6 13. Qf3 Rb8 14. Bf4 Bb7 15.
Qh3 Nbd5 16. Bg5 Rc8 17. Bd3 g6 18. Bh6 Nxc3 19. Bxf8 Qxf8 20. bxc3 Rxc3 21.
Rac1 Ra3 22. Rc7 Be4 23. Qe3 Bd6 24. Rxf7 Qxf7 25. Nxf7 Rxd3 26. Nxd6 Rxe3 27.
fxe3 Bf5 28. Nxf5 gxf5 29. Rc1 Nd5 30. Rc8+ Kf7 31. Ra8 a5 32. Kf2 Kg6 33. Kf3
Kf6 34. Rb8 h6 35. h3 Kg6 36. e4 fxe4+ 37. Kxe4 Nc3+ 38. Ke5 Nxa4 39. Kxe6 Nc3
40. d5 Ne4 41. d6 Nc5+ 42. Ke7 a4 43. d7 Nxd7 44. Kxd7 a3 45. Rxb6+ Kg5 46. Ra6 1-0

[Event "Titled Tue 3rd Jun Early"]
[Site "chess.com INT"]
[Date "2025.06.03"]
[Round "3"]
[White "Hoepfl, Thomas"]
[Black "Panda, Sambit"]
[Result "1-0"]
[WhiteTitle "FM"]
[BlackTitle "IM"]
[WhiteElo "2194"]
[BlackElo "2369"]
[WhiteFideId "4615182"]
[BlackFideId "25091794"]
[EventDate "2025.06.03"]

1. e4 c6 2. d4 d5 3. e5 a6 4. Bd3 c5 5. c3 Nc6 6. Bc2 Qb6 7. dxc5 Qc7 8. f4 e6
9. Be3 g5 10. g3 Nge7 11. Nf3 gxf4 12. gxf4 h6 13. Nbd2 Bd7 14. Qe2 O-O-O 15.
O-O-O Na7 16. Nb3 Bb5 17. Qf2 Ba4 18. c6 Naxc6 19. Bb6 Qd7 20. Bxd8 Qxd8 21.
Nbd4 Bxc2 22. Qxc2 Kb8 23. Nxc6+ Nxc6 24. Nd4 Na7 25. Kb1 Bc5 26. Rhg1 Qe7 27.
Rg7 Rc8 28. Qb3 Bxd4 29. cxd4 Qc7 30. Rg2 Nc6 31. Rc2 Ka7 32. Qc3 Ka8 33. Rdc1
Qd8 34. Qc5 Qh4 35. Qb6 Qxf4 36. Rxc6 Rxc6 37. Rxc6 bxc6 38. Qxa6+ Kb8 39. Qb6+
Ka8 40. Qxc6+ Kb8 41. Qb6+ Ka8 42. a4 h5 43. a5 Qf1+ 44. Ka2 Qc4+ 45. Ka3 Qd3+
46. b3 Qb1 47. a6 Qc1+ 48. Kb4 Qd2+ 49. Kb5 Qd3+ 50. Kc6 Qc3+ 51. Kd7 1-0

[Event "Titled Tue 3rd Jun Early"]
[Site "chess.com INT"]
[Date "2025.06.03"]
[Round "3"]
[White "Manukian, Artak"]
[Black "Berikkyzy Alanna"]
[Result "1-0"]
[BlackTitle "WFM"]
[WhiteElo "2104"]
[BlackElo "2104"]
[WhiteFideId "13301373"]
[BlackFideId "13780719"]
[EventDate "2025.06.03"]

1. e4 c5 2. Nf3 d6 3. Bb5+ Nc6 4. O-O Bd7 5. Re1 Nf6 6. c3 a6 7. Bxc6 Bxc6 8. d4
Bxe4 9. Bg5 Bc6 10. Bxf6 gxf6 11. d5 Bd7 12. c4 Rg8 13. Nc3 f5 14. Nh4 Rg4 15.
g3 Qc7 16. Qf3 Rxc4 17. Nxf5 O-O-O 18. Nxe7+ Bxe7 19. Rxe7 Qb6 20. Ne4 f5 21.
Nf6 Qxb2 22. Nxd7 Qxa1+ 23. Kg2 Rc1 24. Qxf5 Rg1+ 25. Kh3 Qf1+ 26. Kh4 Qc4+ 27.
f4 Qb5 28. Nxc5+ Kb8 29. Rxb7+ Qxb7 30. Nxb7 Kxb7 31. Qxh7+ Kb8 32. Qe7 Kc8 33.
Qe6+ Kc7 34. Qe3 Rg2 35. Qa7+ Kc8 36. Qxa6+ Kc7 37. Qc6+ Kb8 38. Qb6+ Kc8 39.
Kh3 Rxa2 40. f5 Rh8+ 41. Kg4 Ra4+ 42. Kg5 Rc4 43. Qxd6 Rc7 44. f6 Rxh2 45. Qe6+
Kb8 46. f7 Rc8 47. Qxc8+ Kxc8 48. f8=Q+ 1-0

[Event "Titled Tue 3rd Jun Early"]
[Site "chess.com INT"]
[Date "2025.06.03"]
[Round "3"]
[White "Ahmad, Khagan"]
[Black "Matyassy, Lazar"]
[Result "1-0"]
[WhiteTitle "IM"]
[BlackTitle "FM"]
[WhiteElo "2405"]
[BlackElo "2211"]
[WhiteFideId "13431552"]
[BlackFideId "17005167"]
[EventDate "2025.06.03"]

1. d4 a6 2. h4 h6 3. h5 e6 4. e4 d5 5. exd5 exd5 6. Bd3 Nf6 7. Ne2 c5 8. dxc5
Bxc5 9. Nbc3 Nc6 10. Bf4 Bg4 11. f3 Bxh5 12. g4 Bxg4 13. fxg4 Nxg4 14. Qd2 Bf2+
15. Kd1 Qd7 16. Rf1 O-O 17. Nxd5 Qxd5 18. Bh7+ Kxh7 19. Qxd5 Rad8 20. c4 Nb4 21.
Nc3 Nxd5 22. Nxd5 Bd4 23. Kc2 Nf6 24. Nb4 Rfe8 25. Rad1 Re2+ 26. Bd2 Bxb2 27.
Kxb2 Rdxd2+ 28. Rxd2 Rxd2+ 29. Kb3 h5 30. Re1 h4 31. Kc3 Rg2 32. Nd5 Nxd5+ 33.
cxd5 h3 34. d6 Rg6 35. Rd1 h2 36. d7 Rc6+ 37. Kb2 Rb6+ 38. Ka3 Rd6 39. Rxd6 h1=Q
40. d8=Q Qc1+ 41. Kb3 Qb1+ 42. Kc3 Qc1+ 43. Kd4 Qd1+ 44. Kc5 Qh5+ 45. Kb6 Qe2
46. Qh4+ Kg8 47. Rd8+ 1-0

[Event "Titled Tue 3rd Jun Early"]
[Site "chess.com INT"]
[Date "2025.06.03"]
[Round "3"]
[White "Rodriguez Polo, Mateo"]
[Black "Teterev, Vitaly"]
[Result "0-1"]
[WhiteTitle "CM"]
[BlackTitle "GM"]
[WhiteElo "2219"]
[BlackElo "2258"]
[WhiteFideId "24509396"]
[BlackFideId "13501429"]
[EventDate "2025.06.03"]

1. d4 Nf6 2. a3 e5 3. dxe5 Ng4 4. Nf3 Nc6 5. Bf4 Bc5 6. e3 Qe7 7. Qd5 f6 8. exf6
Nxf6 9. Qd2 d5 10. Nc3 Be6 11. Bb5 O-O 12. O-O Rad8 13. Rad1 Bg4 14. Be2 Ne4 15.
Qe1 Nf6 16. Bg5 h6 17. Bh4 Qe6 18. Nb5 Bb6 19. Nbd4 Nxd4 20. Nxd4 Qd7 21. Bxg4
Qxg4 22. Bg3 Rde8 23. h3 Qg6 24. c3 Ne4 25. Bh2 Ng5 26. Kh1 c5 27. Ne2 d4 28.
Nf4 Qf7 29. cxd4 cxd4 30. Qb4 dxe3 31. fxe3 Rxe3 32. Nd5 Qxf1+ 33. Rxf1 Rxf1+
34. Bg1 Ree1 35. Nxb6 Rxg1+ 36. Kh2 Rh1+ 37. Kg3 axb6 38. Qxb6 Ne4+ 39. Kf4
Rhf1+ 40. Kg4 Nf6+ 41. Kg3 Ne4+ 42. Kg4 Kh7 43. Qxb7 Nf6+ 44. Kg3 Re3+ 45. Kh2
Rf2 46. a4 Ree2 47. b4 Ne4 48. h4 Rxg2+ 49. Kh3 Rg3# 0-1

[Event "Titled Tue 3rd Jun Early"]
[Site "chess.com INT"]
[Date "2025.06.03"]
[Round "3"]
[White "Asensio Ramos, Enrique Fernando"]
[Black "Aranda, Juan Manuel"]
[Result "1-0"]
[WhiteTitle "CM"]
[BlackTitle "CM"]
[WhiteElo "2206"]
[BlackElo "2134"]
[WhiteFideId "2214172"]
[BlackFideId "160458"]
[EventDate "2025.06.03"]

1. d4 d6 2. Nc3 e5 3. Nf3 Nc6 4. h3 Be7 5. e4 Nxd4 6. Nxd4 exd4 7. Qxd4 Bf6 8.
Qd3 c6 9. Bf4 Be5 10. Be3 Ne7 11. O-O-O Qa5 12. Bd2 Be6 13. f4 Bxc3 14. Bxc3
Qxa2 15. f5 Bd7 16. Qxd6 O-O-O 17. Qxe7 Rhe8 18. Qb4 Bxf5 19. Bd3 Be6 20. b3 f6
21. Kd2 Qa6 22. Kc1 Qb6 23. Qxb6 axb6 24. g4 Kc7 25. Kb2 Rd7 26. Rhg1 Red8 27.
h4 b5 28. g5 fxg5 29. hxg5 Bg8 30. Be5+ Kb6 31. Be2 c5 32. Rxd7 Rxd7 33. Bc3 b4
34. Be1 Re7 35. Bd3 Kc6 36. Bh4 g6 37. Rf1 b6 38. Rf6+ Be6 39. Bg3 Kd7 40. Bb5+
Kd8 41. Bd6 Rf7 42. Rxe6 Rf2 43. Re8# 1-0

[Event "Titled Tue 3rd Jun Early"]
[Site "chess.com INT"]
[Date "2025.06.03"]
[Round "3"]
[White "Sjugirov, Sanan"]
[Black "Cordoba Roa, Angel Gabriel"]
[Result "1-0"]
[WhiteTitle "GM"]
[BlackTitle "FM"]
[WhiteElo "2638"]
[BlackElo "2394"]
[WhiteFideId "4189302"]
[BlackFideId "3957624"]
[EventDate "2025.06.03"]

1. e4 e5 2. Nf3 Nc6 3. Bb5 a6 4. Ba4 Nf6 5. O-O Bc5 6. Bxc6 dxc6 7. d3 Nd7 8.
Nbd2 O-O 9. Nc4 Re8 10. a4 a5 11. Be3 Bd6 12. Nfd2 Nf8 13. f4 exf4 14. Bxf4 Bxf4
15. Rxf4 Be6 16. Rf2 b6 17. Qf3 Ng6 18. b3 Qg5 19. Raf1 Rad8 20. Kh1 f6 21. Ne3
Ne5 22. Qe2 c5 23. Nf3 Qh5 24. Nxe5 Qxe5 25. Rf3 c6 26. Qf2 b5 27. Nf5 bxa4 28.
bxa4 c4 29. d4 Qxe4 30. Nxg7 Kxg7 31. Rg3+ Bg4 32. Qxf6+ Kg8 33. h3 h5 34. Qg5+
Kh8 35. hxg4 Rd5 36. Qf6+ Kh7 37. Qf7+ Kh8 38. Rh3 Qe6 39. Rxh5+ Rxh5+ 40. Qxh5+
Kg8 41. Rf5 Re7 42. Rg5+ Rg7 43. Rxg7+ Kxg7 44. Qe5+ Kf7 45. Qxe6+ Kxe6 46. c3
Kd5 47. g5 Ke6 48. g4 Kf7 49. Kg2 Kg6 50. Kf3 Kxg5 51. Kg3 Kg6 52. Kf4 Kf6 53.
g5+ Ke6 54. Ke4 Kf7 55. Kf5 Kg7 56. Ke6 1-0

[Event "Titled Tue 3rd Jun Early"]
[Site "chess.com INT"]
[Date "2025.06.03"]
[Round "3"]
[White "Rohit, S"]
[Black "Oparin, Grigoriy"]
[Result "0-1"]
[WhiteTitle "FM"]
[BlackTitle "GM"]
[WhiteElo "2241"]
[BlackElo "2660"]
[WhiteFideId "46633847"]
[BlackFideId "24125890"]
[EventDate "2025.06.03"]

1. e4 c5 2. Nf3 e6 3. d4 cxd4 4. Nxd4 Nc6 5. Nc3 Bc5 6. Nxc6 bxc6 7. Bd3 d5 8.
O-O Ne7 9. e5 Ng6 10. Qe2 O-O 11. Na4 Be7 12. f4 f5 13. Be3 Rf7 14. Nc5 a5 15.
c3 Nf8 16. Bd4 Rb8 17. a3 Bxc5 18. Bxc5 a4 19. Bd6 Rb3 20. Rab1 Rfb7 21. Kh1 Qb6
22. Rf2 Ra7 23. Rbf1 Ba6 24. Bxa6 Qxa6 25. Qh5 Ng6 26. Qg5 Qc8 27. h4 Nh8 28.
Bc5 Rab7 29. h5 Nf7 30. Qh4 Nh6 31. Rf3 Rxb2 32. Rg3 Rb1 33. Rxb1 Rxb1+ 34. Kh2
Ng4+ 35. Rxg4 fxg4 36. h6 Rb7 37. Qxg4 Qe8 38. Qh4 gxh6 39. Qxh6 Rg7 40. Qh4 h5
41. Bf2 Qg6 42. Bg3 Kh7 43. Kg1 Qg4 44. Qxg4 Rxg4 45. Kf2 Kg6 46. Kf3 Kf5 47.
Bh2 h4 48. g3 hxg3 49. Bxg3 c5 50. Bh2 d4 51. cxd4 cxd4 52. Ke2 Rg2+ 0-1

[Event "Titled Tue 3rd Jun Early"]
[Site "chess.com INT"]
[Date "2025.06.03"]
[Round "3"]
[White "Ugorek, Kacper"]
[Black "Moskalenko, Alexander"]
[Result "1-0"]
[WhiteTitle "CM"]
[BlackTitle "GM"]
[WhiteElo "2262"]
[BlackElo "2422"]
[WhiteFideId "21890676"]
[BlackFideId "4155351"]
[EventDate "2025.06.03"]

1. f4 d5 2. b3 Nf6 3. Bb2 g6 4. Nf3 Bg7 5. g3 c5 6. Bg2 Nc6 7. O-O O-O 8. e3 b6
9. d3 Bb7 10. Qe2 d4 11. exd4 Nd7 12. Nbd2 cxd4 13. Nc4 Qc7 14. a4 Rad8 15. Rfe1
Rfe8 16. Nfe5 Ndxe5 17. fxe5 Nb4 18. Rac1 Bh6 19. Rcd1 a6 20. Bxb7 Qxb7 21. Ba3
Nd5 22. Qg2 b5 23. axb5 axb5 24. Nd2 Qc8 25. Nf1 Ne3 26. Nxe3 Bxe3+ 27. Kh1 Qe6
28. c4 bxc4 29. bxc4 Qxe5 30. Bc1 Rd6 31. Qe2 Re6 32. Bxe3 dxe3 33. d4 Qe4+ 34.
Qg2 Rd8 35. d5 Re5 36. Qxe4 Rxe4 37. Rd3 e2 38. Rd2 Rxc4 39. Rdxe2 Rxd5 40. Rxe7
Rf5 41. R7e2 h5 42. Kg2 Rc7 43. Rf1 Ra5 44. Rff2 Kg7 45. Rc2 Ra4 46. Rxc7 Kh7
47. Rfxf7+ Kh6 48. h4 Ra2+ 49. Kh3 1-0

[Event "Titled Tue 3rd Jun Early"]
[Site "chess.com INT"]
[Date "2025.06.03"]
[Round "3"]
[White "Ruge, Edison"]
[Black "Skatchkov, Pavel"]
[Result "0-1"]
[WhiteTitle "FM"]
[BlackTitle "GM"]
[WhiteElo "2201"]
[BlackElo "2457"]
[WhiteFideId "4401000"]
[BlackFideId "4121848"]
[EventDate "2025.06.03"]

1. e4 c5 2. Nc3 Nc6 3. f4 g6 4. Nf3 Bg7 5. Bb5 Nd4 6. O-O e6 7. Ba4 Ne7 8. Nxd4
cxd4 9. Ne2 O-O 10. d3 a6 11. Bb3 b5 12. Ng3 f5 13. Qe2 Bb7 14. Bd2 Kh8 15. Bb4
Re8 16. a4 fxe4 17. dxe4 bxa4 18. Bxa4 Qb6 19. Qd2 Bc6 20. Kh1 Bxa4 21. Rxa4 Nc6
22. Ba3 Qb5 23. b3 Rac8 24. e5 Bf8 25. Bxf8 Rxf8 26. Qe2 g5 27. Rxa6 Qxe2 28.
Nxe2 Nxe5 29. Nxd4 gxf4 30. Kg1 Rc3 31. Ra5 Ng4 32. Ra7 e5 33. Nf3 Rxc2 34. h3
Ne3 35. Rf2 Rc1+ 36. Kh2 Re8 37. Rxd7 Nf1+ 38. Rxf1 Rxf1 39. Ng5 h6 40. Rh7+ Kg8
41. Rxh6 Kg7 42. Rc6 e4 43. Ne6+ Kg8 44. Nd4 e3 45. Rg6+ Kf7 0-1